Household Consumer Expenditure Inequality in Slovakia

Theilova technika dekompozície nerovností výdavkov domácností. Ukazovatele dekompozície.

Uložené v:
Podrobná bibliografia
Hlavný autor: Labudová, Viera, 1958-
Médium: Kapitola
Jazyk:English
Predmet:
Tagy: Pridať tag
Žiadne tagy, Buďte prvý, kto otaguje tento záznam!

MARC

LEADER 00000nla a2200000 4500
001 0211439
005 20240502083529.2
041 0 |a eng 
044 |a PL 
245 1 0 |a Household Consumer Expenditure Inequality in Slovakia  |c Viera Labudová 
520 |a Theilova technika dekompozície nerovností výdavkov domácností. Ukazovatele dekompozície. 
610 2 0 |a nerovnosť 
610 2 0 |a indexy 
610 2 0 |a spotreba domácností 
610 2 0 |a výdavky 
610 2 0 |a dekompozícia 
100 1 |a Labudová, Viera, 1958-